000 00488nam a22001937a 4500
003 LK-CoMWRAF
005 20231017114237.0
008 231017b |||||||| |||| 00| 0 eng d
020 _a0435104853
040 _aLK-CoMWRAF
_dLK-CoMWRAF
_eLK-CoMWRAF
041 _aeng
082 _a428
_bJON
100 _aJones, Rhodri
245 _aNew English fourth
250 _a4th Edition
260 _aLongon :
_bHeinemann educational books,
_c1950
650 _aEnglish language
942 _cBK
999 _c3903
_d3903